Territori non incorporati organizzati degli Stati Uniti - Statistics

Statistiche generali
  • Questo quiz è stato fatto 31 volte
  • Il punteggio medio è 4 su 5
Statistiche sulle risposte
Superficie (km²) Popolazione (ab.) Capitale Territorio non incorporato % Corretto
9 104 3 285 874 San Juan Porto Rico
100%
346 87 146 Charlotte Amalie Isole Vergini Americane
76%
197 49 710 Pago Pago Samoa Americane
72%
543 153 836 Hagåtña Guam
68%
463 47 329 Saipan Isole Marianne Settentrionali
52%
Nessun quiz corrispondente trovato
Distribuzione punteggi
Percentuale di utenti per punteggio
Percentile per numero di risposta
I tuoi punteggi nel tempo
Non hai fatto questo quiz